Partiti politici italiani - III Legislatura - Statistics

Statistiche generali
  • Questo quiz è stato fatto 23 volte
  • Il punteggio medio è 8 su 13
Statistiche sulle risposte
Seggi Camera Seggi Senato Collocazione Partito politico % Corretto
273 123 Centro Democrazia Cristiana
100%
0 2 Sinistra Partito Comunista Italiano-Partito Socialista Italiano
100%
140 59 Sinistra Partito Comunista Italiano
95%
84 35 Sinistra Partito Socialista Italiano
95%
24 8 Estrema destra Movimento Sociale Italiano
90%
17 4 Centro-destra Partito Liberale Italiano
81%
6 0 Centro-sinistra Partito Repubblicano Italiano-Partito Radicale
81%
22 5 Centro-sinistra Partito Socialista Democratico Italiano
48%
3 2 Centro Partito Popolare Sudtirolese
38%
11 2 Destra Partito Nazionale Monarchico
19%
1 0 Centro Union Valdôtaine
10%
14 5 Destra Partito Monarchico Popolare
5%
1 0 Centro-sinistra Movimento Comunità
0%
Nessun quiz corrispondente trovato
Distribuzione punteggi
Percentuale di utenti per punteggio
Percentile per numero di risposta
I tuoi punteggi nel tempo
Non hai fatto questo quiz